000 01282naa a22003497a 4500
001 BR8802609
003 BR-BrBNA
005 20250721154607.0
007 ta
008 250630b bl.|||m| |||| 00| 0 por d
040 _aBR-BrBNA
_bpor
_cBiblioteca Nacional de Agricultura
041 _a(Pt)
072 _aH50
_b0336
_b3866
_b3840
090 _aH50 BR8802609
100 1 _aPereira, R.P.
100 1 _aSediyama, C.S.
100 1 _aNovais, R.F. de
100 1 _aSediyama, T.
100 1 _aMonnert, P.H.
111 1 _a3. Seminario Nacional de Pesquisa de Soja
_cCampinas, SP (Brazil)
_d20-24 Feb 1984
245 1 _aO aluminio na tolerancia e composicao mineral de cultivares de soja em cultura hidroponica
500 _aAnais do 3. Seminario Nacional de Pesquisa de Soja Londrina, PR (Brasil): 1984. p. 733-745 [Summaries (En, Pt); 11 ref.; 23 ref.] (BR8802609-AMS)
773 0 _tAnais do 3. Seminario Nacional de Pesquisa de Soja
_wH50 BR8802609
_gLondrina, PR (Brasil), 1984. p. 733-745
650 _aSOJA
650 _aRAIZ
650 _aMICROELEMENTO
650 _aALUMINIO
650 _aTOXIDEZ
490 _aDocumentos - Centro Nacional de Pesquisa de Soja (Brazil)
_vno. 7
_xISSN 0101-5494
942 _cAMS
_2AGRIS
909 _a202506
_bLúcia
_c55
_dLúcia Elande
999 _c335898
_d335898